| 000 | 00340nam a2200121Ia 4500 | ||
|---|---|---|---|
| 008 | 171204s9999 xx 000 0 und d | ||
| 245 | _aEnvironmental Science: | ||
| 245 | _cG. Tyler Miller and Scott Spoolman | ||
| 250 | _a15th | ||
| 260 | _c2015 | ||
| 650 | _xEnvironmental Science | ||
| 856 | _uhttp://down.ebook777.com/037/1305090446.pdf | ||
| 999 |
_c345492 _d345492 |
||